[Event "XII Paracin Festival 2019"]
[Site "Paracin"]
[Date "2019.07.12"]
[Round "9.9"]
[White "Lorparizangeneh, Shahin"]
[Black "Koksal, Ege"]
[Result "1-0"]
[WhiteElo "2494"]
[BlackElo "2368"]
[Annotator "ChessBase"]
[PlyCount "106"]
[EventDate "2019.07.05"]
[EventType "swiss"]
[EventCountry "SRB"]
[SourceTitle "playchess.com"]
[Source "ChessBase"]
[SourceQuality "1"]
[TimeControl "5400+30"]

1. Nf3 {[%emt 0:03:00]} d5 {[%emt 0:02:27]} 2. g3 {[%emt 0:00:24]} g6 {[%emt 0:05:39]} 3. Bg2 {[%emt 0:01:21]} Bg7 {[%emt 0:00:02]} 4. d4 {[%emt 0:00:17]} Nf6 {[%emt 0:00:02]} 5. c4 {[%emt 0:00:31]} c6 {[%emt 0:00:01]} 6. O-O {[%emt 0:00:13]} O-O {[%emt 0:00:03]} 7. Qb3 {[%emt 0:00:35]} Qb6 {[%emt 0:02:00]} 8. Nc3 {[%emt 0:00:27]} Be6 {[%emt 0:04:00]} 9. cxd5 {[%emt 0:05:24]} Qxb3 {[%emt 0:03:18]} 10. axb3 {[%emt 0:00:02]} Nxd5 {[%emt 0:00:06]} 11. Ne4 {[%emt 0:10:37]} Na6 {[%emt 0:02:11]} 12. Bd2 {[%emt 0:03:48]} Ndc7 {[%emt 0:20:41]} 13. b4 Bd5 14. Ne5 Rfd8 15. Bc3 f6 16. Nd3 Bxe4 17. Bxe4 f5 18. Bf3 Bxd4 19. Bxd4 Rxd4 20. b5 {[%emt 0:26:25]} Nxb5 {[%emt 0:24:18]} 21. Bxc6 {[%emt 0:00:52]} bxc6 22. Rxa6 Rd6 23. Rc1 Rc8 24. Kf1 Rc7 {[%emt 0:08:44]} 25. Ra5 {[%emt 0:16:54]} Rb7 {[%emt 0:04:17]} 26. Rc4 {[%emt 0:09:54]} Kg7 {[%emt 0:01:31]} 27. b4 {[%emt 0:01:39]} Rb8 {[%emt 0:03:17]} 28. Ne5 {[%emt 0:02:05]} Rb6 {[%emt 0:05:32]} 29. Rc1 {[%emt 0:00:56]} Rb7 {[%emt 0:02:02]} 30. Rxc6 {[%emt 0:02:11]} Rxc6 {[%emt 0:00:14]} 31. Nxc6 {[%emt 0:00:02]} Kf6 {[%emt 0:00:57]} 32. f4 {[%emt 0:01:01]} Rb6 {[%emt 0:02:07]} 33. Ne5 {[%emt 0:00:08]} Ke6 {[%emt 0:00:11]} 34. Ke1 {[%emt 0:00:46]} Nd4 {[%emt 0:01:58]} 35. Rxa7 {[%emt 0:10:50]} Nc2+ {[%emt 0:00:40]} 36. Kf2 {[%emt 0:00:16]} Nxb4 {[%emt 0:00:10]} 37. Nf3 {[%emt 0:02:04]} h6 {[%emt 0:00:20]} 38. h4 {[%emt 0:01:57]} Nd5 {[%emt 0:05:21]} 39. Ne5 {[%emt 0:00:37]} g5 {[%emt 0:04:08]} 40. hxg5 {[%emt 0:00:07]} hxg5 {[%emt 0:00:00]} 41. Nc4 {[%emt 0:02:18]} Rc6 {[%emt 0:00:01]} 42. Na5 {[%emt 0:00:10]} Rc2 {[%emt 0:00:00]} 43. fxg5 {[%emt 0:00:12]} Nc3 {[%emt 0:00:01]} 44. Ra6+ {[%emt 0:01:36]} Kf7 {[%emt 0:00:01]} 45. Nc6 {[%emt 0:01:59]} Rxe2+ {[%emt 0:01:20]} 46. Kf3 {[%emt 0:00:04]} Re1 {[%emt 0:01:14]} 47. Nd8+ {[%emt 0:01:01]} Kg7 {[%emt 0:00:20]} 48. Ne6+ {[%emt 0:00:07]} Kf7 {[%emt 0:00:36]} 49. Nf4 {[%emt 0:00:12]} Rf1+ {[%emt 0:02:52]} 50. Kg2 {[%emt 0:00:11]} Rd1 {[%emt 0:00:29]} 51. g6+ {[%emt 0:00:53]} Kg8 {[%emt 0:00:01]} 52. Ne6 {[%emt 0:00:22]} Rd2+ {[%emt 0:01:39]} 53. Kh3 Rd1 1-0

[Event "XII Paracin Festival 2019"]
[Site "Paracin"]
[Date "2019.07.12"]
[Round "9.10"]
[White "Ratkovic, Milovan"]
[Black "Kosic, Dragan"]
[Result "0-1"]
[WhiteElo "2407"]
[BlackElo "2482"]
[Annotator "RC"]
[PlyCount "84"]
[EventDate "2019.07.05"]
[EventType "swiss"]
[EventCountry "SRB"]
[SourceTitle "playchess.com"]
[Source "ChessBase"]
[SourceQuality "1"]
[TimeControl "5400+30"]

1. Nf3 {[%emt 0:00:00]} Nf6 {[%emt 0:00:07]} 2. b3 {[%emt 0:00:00]} e6 {[%emt 0:01:29]} 3. Bb2 {[%emt 0:00:00]} b6 {[%emt 0:00:05]} 4. e3 {[%emt 0:01:55]} Bb7 {[%emt 0:00:59]} 5. c4 {[%emt 0:03:26]} c5 {[%emt 0:00:34]} 6. Nc3 {[%emt 0:00:53]} Nc6 {[%emt 0:01:37]} 7. Be2 {[%emt 0:03:16]} Be7 {[%emt 0:00:14]} 8. a3 {[%emt 0:04:47]} O-O {[%emt 0:00:45]} 9. Qc2 {[%emt 0:06:19]} d5 {[%emt 0:01:46]} 10. cxd5 {[%emt 0:02:58]} exd5 {[%emt 0:02:34]} 11. h4 {[%emt 0:07:08]} d4 {[%emt 0:05:25]} 12. Ne4 {[%emt 0:04:53]} Nxe4 {[%emt 0:00:34]} 13. Qxe4 {[%emt 0:00:13]} Na5 {[%emt 0:01:13]} 14. Qc2 {[%emt 0:05:20]} Bd5 {[%emt 0:05:04]} 15. b4 {[%emt 0:03:44]} cxb4 {[%emt 0:01:05]} 16. axb4 {[%emt 0:02:43]} Rc8 {[%emt 0:02:17]} 17. Qb1 {[%emt 0:09:28]} Nb3 {[%emt 0:02:39]} 18. e4 {[%emt 0:13:37]} Nxa1 {[%emt 0:00:50]} 19. O-O {[%emt 0:03:09]} Nc2 {[%emt 0:03:12]} 20. exd5 {[%emt 0:00:11]} Qxd5 {[%emt 0:02:18]} 21. Bd3 {[%emt 0:01:52]} Qb3 {[%emt 0:01:02]} 22. Ne1 {[%emt 0:02:14]} Nxb4 {[%emt 0:01:56]} 23. Bxh7+ {[%emt 0:00:12]} Kh8 {[%emt 0:00:05]} 24. Be4 {[%emt 0:02:32]} Bf6 {[%emt 0:02:24]} 25. Nf3 {[%emt 0:02:25]} Rfe8 {[%emt 0:01:11]} 26. d3 {[%emt 0:14:39]} Qa2 {[%emt 0:04:29]} 27. Qxa2 {[%emt 0:01:15]} Nxa2 {[%emt 0:00:09]} 28. g4 {[%emt 0:01:01]} Rc2 {[%emt 0:07:40]} 29. Ba1 {[%emt 0:02:08]} Nc3 {[%emt 0:03:43]} 30. g5 {[%emt 0:00:11]} Be5 {[%emt 0:01:55]} 31. Re1 {[%emt 0:01:02]} Nxe4 {[%emt 0:02:30]} 32. dxe4 {[%emt 0:00:28]} d3 {[%emt 0:01:51]} 33. Bxe5 {[%emt 0:01:36]} Rxe5 {[%emt 0:07:58]} 34. Rd1 {[%emt 0:00:14]} Rxe4 {[%emt 0:00:58]} 35. Rxd3 {[%emt 0:00:03]} g6 {[%emt 0:00:22]} 36. Rd7 {[%emt 0:00:19]} Rf4 {[%emt 0:00:39]} 37. Kg2 {[%emt 0:00:32]} a5 {[%emt 0:00:23]} 38. Kg3 {[%emt 0:00:36]} Rf5 {[%emt 0:00:22]} 39. Kg4 {[%emt 0:01:40]} Rc4+ {[%emt 0:01:02]} 40. Nd4 {[%emt 0:00:27]} Rxf2 {[%emt 0:00:43]} 41. h5 {[%emt 0:00:17]} Rd2 {[%emt 0:00:51]} 42. Rd8+ {[%emt 0:00:16]} Kg7 {[%emt 0:01:19]} 0-1

[Event "XII Paracin Festival 2019"]
[Site "Paracin"]
[Date "2019.07.12"]
[Round "9.11"]
[White "Petrov, Martin"]
[Black "Nandhidhaa, P V"]
[Result "1/2-1/2"]
[WhiteElo "2480"]
[BlackElo "2259"]
[Annotator "RC"]
[PlyCount "57"]
[EventDate "2019.07.05"]
[EventType "swiss"]
[EventCountry "SRB"]
[SourceTitle "playchess.com"]
[Source "ChessBase"]
[SourceQuality "1"]
[TimeControl "5400+30"]

1. e4 {[%emt 0:00:00]} c5 {[%emt 0:02:29]} 2. Nf3 {[%emt 0:00:00]} e6 {[%emt 0:00:04]} 3. d4 {[%emt 0:00:00]} cxd4 {[%emt 0:00:04]} 4. Nxd4 {[%emt 0:00:00]} Nc6 {[%emt 0:00:06]} 5. Nc3 {[%emt 0:00:00]} Qc7 {[%emt 0:00:03]} 6. Be2 {[%emt 0:00:06]} Nf6 {[%emt 0:00:24]} 7. O-O {[%emt 0:00:44]} Be7 {[%emt 0:00:17]} 8. Kh1 {[%emt 0:00:41]} O-O {[%emt 0:01:24]} 9. f4 {[%emt 0:00:12]} d6 {[%emt 0:00:45]} 10. Be3 {[%emt 0:00:13]} Nxd4 {[%emt 0:00:08]} 11. Bxd4 {[%emt 0:01:09]} e5 {[%emt 0:00:10]} 12. Be3 {[%emt 0:00:17]} a6 {[%emt 0:00:12]} 13. a4 {[%emt 0:05:15]} exf4 {[%emt 0:00:07]} 14. Bxf4 {[%emt 0:03:34]} Be6 {[%emt 0:01:13]} 15. Qe1 {[%emt 0:15:51]} Nd7 {[%emt 0:04:30]} 16. Qg3 {[%emt 0:03:47]} Ne5 {[%emt 0:01:53]} 17. Rad1 {[%emt 0:00:07]} Rad8 {[%emt 0:05:07]} 18. Bc1 {[%emt 0:02:00]} Rc8 {[%emt 0:08:00]} 19. h4 {[%emt 0:02:19]} Qd8 {[%emt 0:05:31]} 20. h5 {[%emt 0:07:13]} Bh4 {[%emt 0:02:41]} 21. Qh2 {[%emt 0:01:29]} h6 {[%emt 0:03:06]} 22. Bf4 {[%emt 0:08:03]} Qe7 {[%emt 0:09:22]} 23. Rxd6 {[%emt 0:14:37]} Qxd6 {[%emt 0:01:00]} 24. Bxe5 {[%emt 0:00:13]} Qd8 {[%emt 0:05:29]} 25. Rd1 {[%emt 0:02:49]} Qg5 {[%emt 0:01:02]} 26. Bf4 {[%emt 0:00:57]} Qf6 {[%emt 0:01:07]} 27. Be5 {[%emt 0:00:37]} Qg5 {[%emt 0:00:05]} 28. Bf4 {[%emt 0:05:09]} Qf6 {[%emt 0:00:12]} 29. Be5 {[%emt 0:10:46]} 1/2-1/2

[Event "XII Paracin Festival 2019"]
[Site "Paracin"]
[Date "2019.07.12"]
[Round "9.12"]
[White "Baglan, Esat"]
[Black "Peng, Xiongjian"]
[Result "1/2-1/2"]
[WhiteElo "2336"]
[BlackElo "2467"]
[Annotator "TA"]
[PlyCount "82"]
[EventDate "2019.07.05"]
[EventType "swiss"]
[EventCountry "SRB"]
[SourceTitle "playchess.com"]
[Source "ChessBase"]
[SourceQuality "1"]

{[%evp 25,82,-12,0,-13,11,19,62,0,22,26,11,10,45,25,23,23,23,23,22,24,23,25,27,25,55,61,61,0,0,0,0,0,0,0,0,0,0,0,0,0,0,0,0,0,0,0,4,4,4,0,0,0,4,0,0,0,4,0,0]} 1. e4 e5 2. Nf3 Nc6 3. Bb5 a6 4. Ba4 Nf6 5. O-O Bc5 6. c3 b5 7. Bb3 d6 8. d4 Bb6 9. a4 Bb7 10. Re1 h6 11. axb5 axb5 12. Rxa8 Qxa8 13. Na3 O-O 14. Nxb5 {C78: Ruy Lopez: Archangelsk and Möller Defences} Na5 (14... exd4 15. Nbxd4 Nxd4 16. Nxd4 Bxe4 17. f3 Bg6 18. Be3 Re8 19. Bf2 Rxe1+ 20. Qxe1 Nd7 21. Bc2 Bxd4 22. Bxg6 Bxf2+ 23. Kxf2 {0-1 (37) Hakobyan,A (2542)-Sethuraman,S (2657) Yerevan 2018}) 15. Bc2 Nxe4 16. Qd3 $146 (16. Nh4 $14) ({Predecessor:} 16. Bxe4 Bxe4 17. dxe5 dxe5 18. Nxe5 Rd8 19. Qg4 Qd5 20. Nd4 Bxd4 21. cxd4 Qxd4 22. Nxf7 Kxf7 23. Qh5+ Kg8 24. Qxa5 Bxg2 25. Kxg2 {½-½ (25) Hansson,D (2290)-Thorhallsson,G Akureyri 1987}) 16... f5 17. b4 Nc6 18. Be3 {Black should prevent dxe5.} Ba6 {[#]} 19. Nxc7 $1 {[%mdl 512]} Bxd3 (19... Bxc7 20. b5) 20. Nxa8 {And now Bb3+ would win.} Bxc2 21. Nxb6 {With the idea dxe5.} Nxc3 22. dxe5 {[%mdl 64] Remove Defender} dxe5 {[#]} 23. Nxe5 $1 {[%mdl 576] Remove Defender} Nxe5 24. Bd4 $1 {[%csl LRc3,LRe5]} Na2 {Hoping for ...Nc6.} 25. Rxe5 {Nd7 is the strong threat.} Nxb4 26. Bc5 ({Better is} 26. Nd7 $1 $14 Nc6 27. Nxf8 Nxe5 28. Ne6) 26... Nd3 $11 {The position is equal.} 27. Bxf8 Nxe5 {[%mdl 4096] Endgame KBN-KBN} 28. Bd6 Nf7 29. Bc5 Bb3 30. Nc8 g6 31. Ne7+ Kh7 32. f3 Nd8 33. Bb6 Ne6 34. Nc6 Bd5 35. Nd4 Ng5 36. Kf2 Kg7 37. Ne2 Bc4 38. Bd4+ Kf7 39. Nf4 Nh7 40. h4 Nf8 41. g4 Ne6 {Accuracy: White = 69%, Black = 62%.} 1/2-1/2

[Event "XII Paracin Festival 2019"]
[Site "Paracin"]
[Date "2019.07.12"]
[Round "9.13"]
[White "Stankovic, Milos"]
[Black "McPhillips, Joseph"]
[Result "0-1"]
[WhiteElo "2462"]
[BlackElo "2412"]
[Annotator "ChessBase"]
[PlyCount "108"]
[EventDate "2019.07.05"]
[EventType "swiss"]
[EventCountry "SRB"]
[SourceTitle "playchess.com"]
[Source "ChessBase"]
[SourceQuality "1"]
[TimeControl "5400+30"]

1. e4 {[%emt 0:00:00]} e6 {[%emt 0:03:45]} 2. d4 {[%emt 0:00:11]} d5 {[%emt 0:00:09]} 3. Nc3 {[%emt 0:00:36]} Nf6 {[%emt 0:00:06]} 4. Bg5 {[%emt 0:00:28]} dxe4 {[%emt 0:00:06]} 5. Nxe4 {[%emt 0:00:35]} Be7 {[%emt 0:00:04]} 6. Bxf6 {[%emt 0:00:26]} gxf6 {[%emt 0:00:03]} 7. Qd2 {[%emt 0:00:21]} f5 {[%emt 0:00:08]} 8. Nc3 {[%emt 0:00:30]} a6 {[%emt 0:00:09]} 9. g3 {[%emt 0:00:41]} Qd6 {[%emt 0:01:02]} 10. O-O-O {[%emt 0:05:31]} c6 {[%emt 0:01:11]} 11. Bg2 {[%emt 0:03:46]} Nd7 {[%emt 0:00:07]} 12. Nf3 {[%emt 0:00:45]} b5 {[%emt 0:01:16]} 13. Qe2 {[%emt 0:12:24]} Bb7 {[%emt 0:06:22]} 14. Rhe1 {[%emt 0:05:20]} O-O-O {[%emt 0:22:11]} 15. Kb1 {[%emt 0:03:03]} Qc7 {[%emt 0:02:00]} 16. Qe3 {[%emt 0:03:56]} Nb6 {[%emt 0:04:25]} 17. Ne5 {[%emt 0:04:40]} Bb4 {[%emt 0:00:03]} 18. f4 {[%emt 0:08:28]} Kb8 {[%emt 0:07:41]} 19. Qf3 {[%emt 0:08:04]} Rc8 {[%emt 0:00:25]} 20. a3 {[%emt 0:00:39]} Bd6 {[%emt 0:01:44]} 21. Qh5 {[%emt 0:04:40]} Rhf8 {[%emt 0:02:45]} 22. Re2 {[%emt 0:01:39]} Nd7 {[%emt 0:10:54]} 23. Qh6 {[%emt 0:04:16]} Nxe5 {[%emt 0:04:16]} 24. fxe5 {[%emt 0:02:05]} Be7 {[%emt 0:00:02]} 25. Na2 {[%emt 0:02:06]} Rh8 {[%emt 0:03:53]} 26. Nc1 {[%emt 0:03:04]} Rcd8 {[%emt 0:02:27]} 27. Red2 {[%emt 0:01:28]} Rhg8 {[%emt 0:00:55]} 28. Qh5 {[%emt 0:00:27]} Bg5 29. Rd3 {[%emt 0:00:29]} f6 {[%emt 0:05:10]} 30. exf6 {[%emt 0:00:26]} Bxf6 {[%emt 0:00:02]} 31. Nb3 {[%emt 0:01:01]} f4 {[%emt 0:00:59]} 32. Nc5 {[%emt 0:01:14]} Bc8 {[%emt 0:00:07]} 33. Qf3 {[%emt 0:00:52]} e5 {[%emt 0:01:14]} 34. gxf4 {[%emt 0:06:42]} exd4 {[%emt 0:01:05]} 35. Qxc6 {[%emt 0:00:47]} Rxg2 {[%emt 0:01:24]} 36. Nxa6+ {[%emt 0:01:51]} Bxa6 {[%emt 0:00:05]} 37. Qxg2 {[%emt 0:00:08]} Bb7 {[%emt 0:00:23]} 38. Qe2 {[%emt 0:00:13]} Bd5 {[%emt 0:01:07]} 39. Qh5 {[%emt 0:01:56]} Qc6 {[%emt 0:02:26]} 40. Re1 {[%emt 0:01:28]} Rc8 {[%emt 0:02:39]} 41. Rd2 {[%emt 0:00:30]} Qc4 {[%emt 0:00:52]} 42. b3 {[%emt 0:00:20]} Qc5 {[%emt 0:00:13]} 43. Qf5 {[%emt 0:00:59]} Qc6 {[%emt 0:03:45]} 44. Re5 {[%emt 0:01:01]} Bxe5 {[%emt 0:04:15]} 45. Qxe5+ {[%emt 0:00:08]} Kb7 {[%emt 0:00:09]} 46. Qxd4 {[%emt 0:00:11]} Be4 {[%emt 0:00:18]} 47. Kb2 {[%emt 0:02:46]} Bxc2 {[%emt 0:01:25]} 48. Re2 {[%emt 0:00:01]} Rc7 {[%emt 0:00:52]} 49. a4 {[%emt 0:02:14]} Bg6 {[%emt 0:01:21]} 50. Ka3 {[%emt 0:00:26]} bxa4 {[%emt 0:00:53]} 51. Re5 {[%emt 0:01:56]} Qc1+ {[%emt 0:01:45]} 52. Kxa4 {[%emt 0:00:43]} Kc8 {[%emt 0:00:25]} 53. Ra5 {[%emt 0:01:41]} Be8+ {[%emt 0:00:41]} 54. Kb4 {[%emt 0:00:16]} Qe1+ {[%emt 0:00:08]} 0-1

[Event "XII Paracin Festival 2019"]
[Site "Paracin"]
[Date "2019.07.12"]
[Round "9.14"]
[White "Maksimovic, Bojan"]
[Black "Tanriverdi, Enes"]
[Result "1/2-1/2"]
[WhiteElo "2326"]
[BlackElo "2374"]
[Annotator "ChessBase"]
[PlyCount "241"]
[EventDate "2019.07.05"]
[EventType "swiss"]
[EventCountry "SRB"]
[SourceTitle "playchess.com"]
[Source "ChessBase"]
[SourceQuality "1"]
[TimeControl "5400+30"]

1. e4 {[%emt 0:00:00]} c5 {[%emt 0:00:00]} 2. Nf3 {[%emt 0:00:00]} e6 {[%emt 0:00:00]} 3. d4 {[%emt 0:00:00]} cxd4 {[%emt 0:00:00]} 4. Nxd4 {[%emt 0:00:00]} Nc6 {[%emt 0:00:00]} 5. Nc3 {[%emt 0:00:28]} Qc7 {[%emt 0:00:00]} 6. Be2 {[%emt 0:00:45]} a6 {[%emt 0:00:09]} 7. O-O {[%emt 0:00:55]} Nf6 {[%emt 0:00:07]} 8. Be3 {[%emt 0:01:48]} Be7 {[%emt 0:00:07]} 9. f4 {[%emt 0:01:06]} d6 {[%emt 0:00:07]} 10. Qe1 {[%emt 0:01:03]} O-O {[%emt 0:00:12]} 11. Qg3 {[%emt 0:00:33]} Nxd4 {[%emt 0:00:16]} 12. Bxd4 {[%emt 0:00:18]} b5 {[%emt 0:00:07]} 13. a3 {[%emt 0:00:49]} Bb7 {[%emt 0:00:05]} 14. Rae1 {[%emt 0:00:37]} Rad8 {[%emt 0:00:46]} 15. Bd3 {[%emt 0:00:40]} Bc6 {[%emt 0:00:18]} 16. Kh1 {[%emt 0:00:51]} Qd7 {[%emt 0:00:06]} 17. Qh3 {[%emt 0:02:45]} e5 {[%emt 0:00:18]} 18. fxe5 {[%emt 0:03:16]} Qxh3 {[%emt 0:00:08]} 19. gxh3 {[%emt 0:01:10]} dxe5 {[%emt 0:00:05]} 20. Bxe5 {[%emt 0:01:22]} Rfe8 {[%emt 0:00:56]} 21. b4 {[%emt 0:06:21]} Rc8 {[%emt 0:23:12]} 22. Re2 {[%emt 0:13:38]} Nd7 {[%emt 0:08:51]} 23. Bg3 {[%emt 0:06:13]} Bd8 {[%emt 0:08:09]} 24. a4 {[%emt 0:15:10]} Bb7 {[%emt 0:01:25]} 25. Be1 {[%emt 0:17:38]} Bf6 {[%emt 0:01:40]} 26. Nd5 {[%emt 0:04:41]} bxa4 {[%emt 0:00:31]} 27. Rg2 {[%emt 0:03:30]} Bxd5 {[%emt 0:07:55]} 28. exd5 {[%emt 0:00:02]} a3 {[%emt 0:00:01]} 29. c4 {[%emt 0:02:06]} Ne5 {[%emt 0:00:16]} 30. Rxf6 {[%emt 0:10:37]} Nxd3 {[%emt 0:00:21]} 31. Bc3 {[%emt 0:00:52]} Rxc4 {[%emt 0:04:16]} 32. Rc6 {[%emt 0:00:23]} Rxc6 {[%emt 0:02:42]} 33. Rxg7+ {[%emt 0:00:48]} Kf8 {[%emt 0:01:38]} 34. dxc6 {[%emt 0:00:06]} Rc8 {[%emt 0:14:11]} 35. b5 {[%emt 0:06:19]} axb5 {[%emt 0:06:33]} 36. Rg3 {[%emt 0:00:06]} Rxc6 {[%emt 0:16:15]} 37. Bg7+ {[%emt 0:00:24]} Ke7 {[%emt 0:00:55]} 38. Re3+ {[%emt 0:00:49]} Re6 {[%emt 0:00:41]} 39. Rxd3 {[%emt 0:00:05]} b4 {[%emt 0:00:07]} 40. Rb3 {[%emt 0:01:08]} f6 {[%emt 0:00:58]} 41. Rxb4 {[%emt 0:00:10]} a2 {[%emt 0:00:32]} 42. Rb7+ {[%emt 0:00:04]} Kd6 {[%emt 0:00:16]} 43. Ra7 {[%emt 0:00:36]} Re1+ {[%emt 0:00:05]} 44. Kg2 {[%emt 0:00:02]} a1=Q {[%emt 0:00:19]} 45. Rxa1 {[%emt 0:00:05]} Rxa1 {[%emt 0:00:02]} 46. Bxf6 {[%emt 0:00:07]} Ra2+ {[%emt 0:00:13]} 47. Kg3 {[%emt 0:00:15]} Ke6 {[%emt 0:00:05]} 48. Bh8 {[%emt 0:00:27]} Kf5 {[%emt 0:00:01]} 49. Bg7 {[%emt 0:00:51]} Ra3+ {[%emt 0:00:07]} 50. Kg2 {[%emt 0:01:14]} Ra6 {[%emt 0:00:51]} 51. Kf3 {[%emt 0:00:49]} Ra3+ {[%emt 0:00:14]} 52. Kg2 {[%emt 0:00:05]} Ke4 {[%emt 0:00:14]} 53. Bf8 {[%emt 0:00:50]} Rd3 {[%emt 0:00:30]} 54. Bg7 {[%emt 0:00:34]} Rd6 {[%emt 0:00:19]} 55. Bc3 {[%emt 0:00:47]} Ke3 {[%emt 0:00:27]} 56. Kg3 {[%emt 0:00:58]} Rg6+ {[%emt 0:00:39]} 57. Kh4 {[%emt 0:00:05]} Kf3 {[%emt 0:00:04]} 58. Kh5 {[%emt 0:01:02]} Kg2 {[%emt 0:00:13]} 59. h4 {[%emt 0:00:09]} Kxh2 {[%emt 0:00:12]} 60. Bd2 {[%emt 0:00:15]} Kg3 {[%emt 0:00:18]} 61. Bg5 {[%emt 0:00:18]} Kf3 {[%emt 0:00:04]} 62. Bd2 {[%emt 0:00:12]} Ke4 {[%emt 0:00:04]} 63. Bg5 {[%emt 0:00:07]} Kf5 {[%emt 0:00:04]} 64. Bc1 {[%emt 0:00:15]} Ke6 {[%emt 0:01:15]} 65. Bd2 {[%emt 0:00:12]} Kf7 {[%emt 0:00:04]} 66. Be3 {[%emt 0:00:31]} Re6 {[%emt 0:00:12]} 67. Bd4 {[%emt 0:00:21]} Kg8 {[%emt 0:01:30]} 68. Bc3 {[%emt 0:00:23]} h6 {[%emt 0:00:40]} 69. Bd2 {[%emt 0:01:13]} Kh7 {[%emt 0:00:04]} 70. Bf4 {[%emt 0:00:37]} Ra6 {[%emt 0:00:08]} 71. Kg4 {[%emt 0:00:06]} Rg6+ {[%emt 0:00:19]} 72. Kh5 {[%emt 0:00:09]} Rf6 {[%emt 0:00:04]} 73. Kg4 {[%emt 0:01:51]} Rg6+ {[%emt 0:00:07]} 74. Kh5 {[%emt 0:00:04]} Rb6 {[%emt 0:01:45]} 75. Kg4 {[%emt 0:00:05]} Rb5 {[%emt 0:00:06]} 76. h5 {[%emt 0:00:05]} Kg7 {[%emt 0:00:03]} 77. Be3 {[%emt 0:00:13]} Rb4+ {[%emt 0:00:04]} 78. Bf4 {[%emt 0:00:17]} Kf6 {[%emt 0:00:24]} 79. Kf3 {[%emt 0:00:21]} Kf5 {[%emt 0:00:06]} 80. Bxh6 {[%emt 0:00:04]} Rh4 {[%emt 0:00:02]} 81. Be3 {[%emt 0:00:11]} Rxh5 {[%emt 0:00:02]} 82. Bf2 {[%emt 0:00:22]} Rh3+ {[%emt 0:00:02]} 83. Kg2 {[%emt 0:00:12]} Kg4 {[%emt 0:00:04]} 84. Bg1 {[%emt 0:00:10]} Ra3 {[%emt 0:00:05]} 85. Kh1 {[%emt 0:00:21]} Kh3 {[%emt 0:00:40]} 86. Bf2 {[%emt 0:00:12]} Ra1+ {[%emt 0:00:13]} 87. Bg1 {[%emt 0:00:05]} Ra2 {[%emt 0:00:28]} 88. Be3 {[%emt 0:00:35]} Kg3 {[%emt 0:00:08]} 89. Bg1 {[%emt 0:00:46]} Rg2 {[%emt 0:00:05]} 90. Bd4 {[%emt 0:00:44]} Rh2+ {[%emt 0:00:07]} 91. Kg1 {[%emt 0:00:04]} Rd2 {[%emt 0:00:20]} 92. Be5+ {[%emt 0:00:06]} Kf3 {[%emt 0:00:03]} 93. Bc7 {[%emt 0:00:48]} Rg2+ {[%emt 0:00:10]} 94. Kh1 {[%emt 0:00:16]} Rg6 {[%emt 0:00:13]} 95. Bh2 {[%emt 0:00:20]} Kf2 {[%emt 0:00:38]} 96. Bc7 {[%emt 0:01:06]} Rc6 {[%emt 0:00:04]} 97. Be5 {[%emt 0:00:16]} Rc4 {[%emt 0:00:39]} 98. Bd6 {[%emt 0:00:25]} Rc1+ {[%emt 0:00:56]} 99. Kh2 {[%emt 0:00:08]} Rc6 {[%emt 0:00:06]} 100. Bg3+ Kf3 101. Be5 {[%emt 0:00:37]} Rc4 {[%emt 0:00:35]} 102. Bd6 {[%emt 0:00:21]} Rh4+ {[%emt 0:00:42]} 103. Kg1 {[%emt 0:00:01]} Rh6 {[%emt 0:00:09]} 104. Bc7 {[%emt 0:00:57]} Rg6+ {[%emt 0:00:09]} 105. Kh1 {[%emt 0:00:12]} Kf2 {[%emt 0:00:11]} 106. Bh2 {[%emt 0:00:06]} Rg2 {[%emt 0:00:22]} 107. Bd6 {[%emt 0:00:13]} Kf1 {[%emt 0:00:18]} 108. Bh2 {[%emt 0:00:13]} Rb2 {[%emt 0:00:16]} 109. Bg1 {[%emt 0:00:15]} Rb3 {[%emt 0:00:30]} 110. Bh2 {[%emt 0:00:13]} Kf2 {[%emt 0:00:15]} 111. Bg1+ {[%emt 0:00:16]} Kg3 {[%emt 0:00:04]} 112. Bh2+ {[%emt 0:00:04]} Kf3 {[%emt 0:00:19]} 113. Bg1 {[%emt 0:00:21]} Rb7 {[%emt 0:00:08]} 114. Bh2 {[%emt 0:00:08]} Rh7 {[%emt 0:00:01]} 115. Kg1 {[%emt 0:00:06]} Rd7 {[%emt 0:01:00]} 116. Kh1 {[%emt 0:00:13]} Rd1+ {[%emt 0:00:33]} 117. Bg1 {[%emt 0:00:02]} Ra1 {[%emt 0:00:04]} 118. Kh2 {[%emt 0:00:06]} Ra2+ {[%emt 0:00:13]} 119. Kh1 {[%emt 0:00:15]} Kg3 {[%emt 0:00:05]} 120. Bc5 {[%emt 0:00:13]} Rc2 {[%emt 0:00:22]} 121. Bg1 {[%emt 0:00:08]} 1/2-1/2

[Event "XII Paracin Festival 2019"]
[Site "Paracin"]
[Date "2019.07.12"]
[Round "9.15"]
[White "Froewis, Georg"]
[Black "Lazov, Toni"]
[Result "1/2-1/2"]
[WhiteElo "2434"]
[BlackElo "2313"]
[Annotator "TA"]
[PlyCount "40"]
[EventDate "2019.07.05"]
[EventType "swiss"]
[EventCountry "SRB"]
[SourceTitle "playchess.com"]
[Source "ChessBase"]
[SourceQuality "1"]

{[%evp 20,40,0,0,0,0,14,7,11,0,239,-23,-11,-36,-11,-11,-16,-29,0,0,0,-39,0]} 1. Nf3 d6 2. d4 Nf6 3. g3 g6 4. b3 Bg7 5. Bb2 O-O 6. Bg2 Nbd7 7. O-O Re8 8. c4 c6 9. Nc3 e5 10. dxe5 dxe5 11. Qc2 e4 {E67: King's Indian: Fianchetto: 6...Nbd7} (11... Nc5 12. Rad1 Qb6 13. e4 Bg4 14. h3 Bxf3 15. Bxf3 a5 16. Ba3 Bf8 17. Qc1 Ne6 18. Na4 Qc7 19. c5 Nd4 20. Kg2 Rad8 21. Bb2 Nxf3 {½-½ (21) Alvarez Pedraza,A (2503)-Morovic Fernandez,I (2528) Santa Maria del Mar 2017}) 12. Ng5 {[%cal Rg5e4]} e3 $1 {[%cal Re3f2] aiming for ...exf2+.} 13. f4 Nc5 {The position is equal.} 14. Rad1 Qa5 $2 {[#]} (14... Qc7 $11 {and Black stays safe.}) 15. Nce4 $146 (15. f5 $1 $18 {[%mdl 512]}) ({Predecessor:} 15. f5 h6 16. fxg6 hxg5 17. gxf7+ Kxf7 18. Nd5 Nce4 19. Bxe4 cxd5 20. Bxd5+ Ke7 21. Bxf6+ Bxf6 22. Qh7+ Kd6 23. Bxb7+ Kc5 24. Rd5+ {1-0 (24) Gritsayeva,O (2383)-Bulatova,K (1990) Moscow 2018}) 15... Ncxe4 $11 16. Nxe4 Bf5 {[%cal Rf5e4]} 17. Bc3 Qa3 {[%cal Rf6e4]} 18. Bb2 Qa5 {[%cal Rf5e4]} 19. Bc3 Qa3 {[%cal Rf6e4]} 20. Bb2 Qa5 1/2-1/2